Équipes - Euro 2016 - Statistiques

Statistiques générales
  • Ce quiz a été pris 140 fois
  • Le résultat moyen est 22 sur 24
Statistiques - réponses
Squadra % Correct
France
100%
Portugal
100%
Espagne
99%
Irlande
98%
Italie
98%
Suède
98%
Allemagne
97%
Angleterre
97%
Suisse
97%
Belgique
94%
Pologne
92%
Croatie
91%
Russie
91%
Islande
90%
Roumanie
90%
Autriche
87%
Hongrie
87%
Turquie
87%
Ukraine
86%
Albanie
85%
Slovaquie
85%
Pays de Galles
83%
République Tchèque
78%
Irlande du Nord
68%
Aucun quiz correspondant
Distribution des résultats
% des personnes avec chaque résultat
Percentile par nombre de réponses
Votre historique - résultats
Vous n’avez pas pris ce quiz